000 00874nam a22003017a 4500
003 CHAP
005 20220329134705.0
008 971013s1969 r 00010 d
010 _a24252
011 _a25224
035 _a29324
040 _cCHAP
082 _a589.1
_bH34
100 0 0 _aHale, Mason E., Jr.
_952279
245 _aHow to know lichens
260 _aDubuque, Iowa :
_bBrown,
_c1969
300 _a226 p.
_b: ilus.
490 _aPictured key nature series
590 _aBATCH-UPD
_b10
_c20130110
_lUCH01
_h2157
590 _aBATCH-UPD
_b10
_c20130410
_lUCH01
_h1505
590 _aBATCH-UPD
_b10
_c20130914
_lUCH01
_h1643
590 _aCONVERSION
_b10
_c20130109
_lUCH01
_h1314
650 1 4 _aLĂ­quenes.
_967489
830 0 _aPictured key nature series
_987993
901 _aBK
942 _cLIBRO
949 _a589.1 H34
_bBC
_cC
_d33724000526893
_eC
_h4632
_i29324
_si
999 _c24252
_d24252